000 00394nam a2200133Ia 4500
005 20260328101451.0
008 260328s9999||||xx |||||||||||||| ||und||
100 _aHorden, Richard
245 0 _aMicro Architecture :
_b Lightweigth, mobile and Ecológical Buildings for the future /
_cRichard Horden
260 _bThames & Hudson
300 _a347 p.
650 _aARQUITECTURA CIVIL
942 _cBK
999 _c8659
_d8659